|
|
|
|
| LEADER |
01097nam a2200289 a 4500 |
| 001 |
1058 |
| 003 |
BD-DhAAL |
| 005 |
20150922102214.0 |
| 008 |
150922s1984 njua b 001 0 eng |
| 010 |
|
|
|a 83019118
|
| 020 |
|
|
|a 8120303970
|
| 020 |
|
|
|a 013464736X
|
| 040 |
|
|
|a DLC
|c DLC
|d DLC
|d BD-DhAAL
|
| 082 |
0 |
0 |
|a 658.4/0388
|2 19
|
| 100 |
1 |
|
|a Murdick, Robert G.
|9 14987
|
| 245 |
1 |
0 |
|a Information systems for modern management /
|c Robert G. Murdick, Joel E. Ross, James R. Claggett.
|
| 250 |
|
|
|a 3rd ed.
|
| 260 |
|
|
|a Englewood Cliffs, N.J. :
|a New Delhi :
|b Prentice-Hall,
|c 1996
|
| 300 |
|
|
|a xi, 466 p. :
|b ill. ;
|c 24 cm.
|
| 504 |
|
|
|a Includes bibliographies and index.
|
| 541 |
|
|
|e 1058
|
| 650 |
|
0 |
|a Management information systems.
|9 14988
|
| 700 |
1 |
|
|a Ross, Joel E.
|9 14989
|
| 700 |
1 |
|
|a Claggett, James R.,
|d 1951-
|9 14990
|
| 942 |
|
|
|2 ddc
|c BK
|
| 999 |
|
|
|c 35646
|d 35646
|
| 952 |
|
|
|0 0
|1 0
|2 ddc
|4 0
|6 658_400000000000000_0388_MUR
|7 0
|9 56058
|a SCL
|b SCL
|c GEN
|d 2015-09-22
|g 177.00
|l 0
|o 658.40388 MUR
|p 3020001058
|r 2015-09-22
|t 1
|w 2015-09-22
|y BK
|x 'The mentioned price is BDT conversion, actual price was RS150'
|